<?xml version="1.0" encoding="UTF-8"?><?xml-stylesheet type="text/xsl" href="static/style.xsl"?><OAI-PMH xmlns="http://www.openarchives.org/OAI/2.0/" xmlns:xsi="http://www.w3.org/2001/XMLSchema-instance" xsi:schemaLocation="http://www.openarchives.org/OAI/2.0/ http://www.openarchives.org/OAI/2.0/OAI-PMH.xsd"><responseDate>2026-06-05T04:06:47Z</responseDate><request verb="GetRecord" identifier="oai:riuma.uma.es:10630/5707" metadataPrefix="marc">https://riuma.uma.es/rest/oai/request</request><GetRecord><record><header><identifier>oai:riuma.uma.es:10630/5707</identifier><datestamp>2026-02-03T11:58:39Z</datestamp><setSpec>com_10630_2254</setSpec><setSpec>col_10630_37959</setSpec></header><metadata><record xmlns="http://www.loc.gov/MARC21/slim" xmlns:dcterms="http://purl.org/dc/terms/" xmlns:doc="http://www.lyncode.com/xoai" xmlns:xsi="http://www.w3.org/2001/XMLSchema-instance" xsi:schemaLocation="http://www.loc.gov/MARC21/slim http://www.loc.gov/standards/marcxml/schema/MARC21slim.xsd">
   <leader>00925njm 22002777a 4500</leader>
   <datafield ind2=" " ind1=" " tag="042">
      <subfield code="a">dc</subfield>
   </datafield>
   <datafield ind2=" " ind1=" " tag="720">
      <subfield code="a">Antúnez-Vílchez, Juan Manuel</subfield>
      <subfield code="e">author</subfield>
   </datafield>
   <datafield ind2=" " ind1=" " tag="720">
      <subfield code="a">Navarro-Humanes, José Francisco</subfield>
      <subfield code="e">author</subfield>
   </datafield>
   <datafield ind2=" " ind1=" " tag="720">
      <subfield code="a">Adan-Puig, Ana</subfield>
      <subfield code="e">author</subfield>
   </datafield>
   <datafield ind2=" " ind1=" " tag="260">
      <subfield code="c">2013-09-13</subfield>
   </datafield>
   <datafield ind2=" " ind1=" " tag="520">
      <subfield code="a">This study examines the relationships between circadian typology and emotional&#xd;
intelligence taking into account the possible interactions between sex and physical&#xd;
exercise, and controlling for age. A sample of 1011 participants (649 women; 26.92&#xd;
± 6.53 yr) completed the reduced Morningness-Eveningness Questionnaire and the&#xd;
Trait Meta-Mood Scale-24. Women showed higher emotional attention scores,&#xd;
while men showed higher emotional repair scores (p&lt; .035). Subjects who do&#xd;
physical exercise weekly showed higher emotional repair scores (p=.001).&#xd;
Morning-type had lower emotional attention than evening and neither-type;&#xd;
neither-type exhibited lower emotional repair than morning-type, and lower&#xd;
emotional clarity than both evening and morning-type (p&lt;.046). Circadian&#xd;
typology modulated sex differences in emotional attention, only morning-type&#xd;
group men showed lower emotional attention scores than women. Morning&#xd;
typology may be a protective factor in terms of general health, while we should be&#xd;
aware that the neither-type may present a vulnerability to develop psychological&#xd;
problems</subfield>
   </datafield>
   <datafield ind1="8" ind2=" " tag="024">
      <subfield code="a">http://hdl.handle.net/10630/5707</subfield>
   </datafield>
   <datafield tag="653" ind2=" " ind1=" ">
      <subfield code="a">Ritmos circadianos - Aspectos psicológicos</subfield>
   </datafield>
   <datafield ind2="0" ind1="0" tag="245">
      <subfield code="a">The circadian typology is related to differences in emotional intelligence</subfield>
   </datafield>
</record>
</metadata></record></GetRecord></OAI-PMH>